000 00280nam a22001337a 4500
008 181009b xxu||||| |||| 00| 0 eng d
020 _a9996086062
041 _aeng
080 _a611
100 _a7
101 _aANA
245 _aAnatomy Physiology
_cPatton
942 _2udc
_cBK
999 _c49116
_d49116